Online
Catalog

La Era de Trujillo : (Record no. 14741)

MARC details
000 -CABECERA
campo de control de longitud fija 00928nam a2200253 a 4500
001 - NÚMERO DE CONTROL
campo de control 000015170
003 - IDENTIFICADOR DEL NÚMERO DE CONTROL
campo de control DO-SdBNP
005 - FECHA Y HORA DE LA ÚLTIMA TRANSACCIÓN
campo de control 20250618094011.0
008 - DATOS DE LONGITUD FIJA--INFORMACIÓN GENERAL
campo de control de longitud fija 100202s2007 dr 001 0 spa d
020 ## - NÚMERO INTERNACIONAL ESTÁNDAR DEL LIBRO
Número Internacional Estándar del Libro 9789993429432
040 ## - FUENTE DE LA CATALOGACIÓN
Centro catalogador/agencia de origen DO-SdBNP
Lengua de catalogación spa
Centro/agencia transcriptor BNPHU
082 ## - NÚMERO DE LA CLASIFICACIÓN DECIMAL DEWEY
Número de clasificación 972.93053
Número de documento/Ítem I43e
100 1# - ENTRADA PRINCIPAL--NOMBRE DE PERSONA
Nombre de persona Infante, Fernando,
Fechas asociadas al nombre 1935-
9 (RLIN) 10518
245 13 - MENCIÓN DE TÍTULO
Título La Era de Trujillo :
Resto del título cronología histórica, 1930-1961 /
Mención de responsabilidad, etc. Fernando Infante ; prólogo Franklin Franco Pichardo.
260 ## - PUBLICACIÓN, DISTRIBUCIÓN, ETC.
Lugar de publicación, distribución, etc. Santo Domingo :
Nombre del editor, distribuidor, etc. Collado,
Fecha de publicación, distribución, etc. 2007.
300 ## - DESCRIPCIÓN FÍSICA
Extensión 2 v. ;
Dimensiones 23 cm.
500 ## - NOTA GENERAL
Nota general Incluye datos biográficos del autor en la solapa de la cubierta
500 ## - NOTA GENERAL
Nota general Incluye índice de nombres
651 #4 - PUNTO DE ACCESO ADICIONAL DE MATERIA--NOMBRE GEOGRÁFICO
Nombre geográfico República Dominicana
Subdivisión general Historia
-- Cronoligía
9 (RLIN) 34347
651 #4 - PUNTO DE ACCESO ADICIONAL DE MATERIA--NOMBRE GEOGRÁFICO
Nombre geográfico República Dominicana
Subdivisión general Historiografía
9 (RLIN) 1457
700 1# - PUNTO DE ACCESO ADICIONAL--NOMBRE DE PERSONA
Nombre de persona Franco, Franklin J.,
Fechas asociadas al nombre 1936-
Término indicativo de función/relación pról.
9 (RLIN) 34417
910 ## - DATOS DE OPCIÓN DEL USUARIO (OCLC)
Datos de opción del usuario Validado. Control de calidad MMOLINA
942 ## - ELEMENTOS DE PUNTO DE ACCESO ADICIONAL (KOHA)
Fuente del sistema de clasificación o colocación Dewey Decimal Classification
Tipo de ítem Koha Libro
Holdings
Estado de retiro Estado de pérdida Restricciones de uso No para préstamo Código de colección Localización permanente Ubicación/localización actual Ubicación en estantería Fecha de adquisición Número de inventario Total de préstamos Signatura topográfica completa Código de barras Fecha visto por última vez Precio válido a partir de Tipo de ítem Koha
    Préstamo interno   Patrimonio Dominicano General General Depósito 02.02.2010 LF1   972.93053 I43e | v. 2 , e. 3 15170-100 25.06.2020 25.06.2020 Libro y Folleto Colección Patrimonio Dominicano
    Préstamo interno   Patrimonio Dominicano General General Depósito 03.02.2010 LF1   972.93053 I43e | v. 2 , e. 4 15170-110 25.06.2020 25.06.2020 Libro y Folleto Colección Patrimonio Dominicano
    Préstamo interno   Patrimonio Dominicano General General Depósito 03.02.2010 LF1   972.93053 I43e | v. 2 , e. 5 15170-120 25.06.2020 25.06.2020 Libro y Folleto Colección Patrimonio Dominicano
    Préstamo interno   Patrimonio Dominicano General General Depósito 02.02.2010 LF1   972.93053 I43e | v. 1 , e. 5 15170-70 25.06.2020 25.06.2020 Libro y Folleto Colección Patrimonio Dominicano
    Préstamo interno   Patrimonio Dominicano General General Depósito 02.02.2010 LF1   972.93053 I43e | v. 1 , e. 4 15170-80 25.06.2020 25.06.2020 Libro y Folleto Colección Patrimonio Dominicano
    Préstamo interno   Patrimonio Dominicano General General Depósito 02.02.2010 LF1   972.93053 I43e | v. 1 , e. 3 15170-90 25.06.2020 25.06.2020 Libro y Folleto Colección Patrimonio Dominicano
      Excluido de préstamo Patrimonio Dominicano Patrimonio Dominicano Patrimonio Dominicano Depósito 02.02.2010 LF1   972.93053 I43e | v. 1 15170-10 25.06.2020 25.06.2020 Libro y Folleto Colección Patrimonio Dominicano
      Excluido de préstamo Patrimonio Dominicano Patrimonio Dominicano Patrimonio Dominicano Depósito 02.02.2010 LF1   972.93053 I43e | v. 2 15170-20 25.06.2020 25.06.2020 Libro y Folleto Colección Patrimonio Dominicano
      Excluido de préstamo Patrimonio Dominicano Patrimonio Dominicano Patrimonio Dominicano Depósito 02.02.2010 LF1   972.93053 I43e | v. 1 , e. 2 15170-30 25.06.2020 25.06.2020 Libro y Folleto Colección Patrimonio Dominicano
      Excluido de préstamo Patrimonio Dominicano Patrimonio Dominicano Patrimonio Dominicano Depósito 02.02.2010 LF1   972.93053 I43e | v. 2 , e. 2 15170-60 25.06.2020 25.06.2020 Libro y Folleto Colección Patrimonio Dominicano

Powered by Koha